| 000 | 00499nam a22001697a 4500 | ||
|---|---|---|---|
| 005 | 20230403130653.0 | ||
| 008 | 230328b |||||||| |||| 00| 0 eng d | ||
| 020 | _a978-1-13-8-044890 | ||
| 041 | _aeng | ||
| 082 | _a615.1 BOL-P | ||
| 100 |
_aBOLTON ,SANFORDS AND BON, CHARLES _97654 |
||
| 245 | _aPHARMACEUTICAL STATISTICS -PRACTICAL AND CLINICAL APPLICATIONS | ||
| 260 |
_aNEW DELHI _bCBS PUBLICATION & DISTRIBUTIONS |
||
| 300 | _a656;P. | ||
| 650 |
_aPHARMACY _xB.PHARMA _97655 |
||
| 942 | _cBK | ||
| 999 |
_c8235 _d8233 |
||